Administrative law. / (Record no. 9629)
[ view plain ]
| 000 -LEADER | |
|---|---|
| fixed length control field | 01686nam a22002297a 4500 |
| 003 - CONTROL NUMBER IDENTIFIER | |
| control field | OSt |
| 005 - DATE AND TIME OF LATEST TRANSACTION | |
| control field | 20230530090427.0 |
| 008 - FIXED-LENGTH DATA ELEMENTS--GENERAL INFORMATION | |
| fixed length control field | 150430b xxu||||| |||| 00| 0 eng d |
| 020 ## - INTERNATIONAL STANDARD BOOK NUMBER | |
| International Standard Book Number | 9780199683703 |
| 040 ## - CATALOGING SOURCE | |
| Transcribing agency | WIUC-GH |
| 050 ## - LIBRARY OF CONGRESS CALL NUMBER | |
| Classification number | KD4879.W3 |
| 100 ## - MAIN ENTRY--PERSONAL NAME | |
| Personal name | Wade, Sir William |
| 9 (RLIN) | 1517 |
| 245 ## - TITLE STATEMENT | |
| Title | Administrative law. / |
| Statement of responsibility, etc. | Sir William Wade and Chistopher Forsyth |
| 250 ## - EDITION STATEMENT | |
| Edition statement | 11th ed. |
| 260 ## - PUBLICATION, DISTRIBUTION, ETC. | |
| Place of publication, distribution, etc. | Oxford : |
| Name of publisher, distributor, etc. | Oxford University Press, |
| Date of publication, distribution, etc. | 2014. |
| 300 ## - PHYSICAL DESCRIPTION | |
| Extent | xc, 867 p. |
| Dimensions | 24cm. |
| 500 ## - GENERAL NOTE | |
| General note | Includes index |
| 505 ## - FORMATTED CONTENTS NOTE | |
| Formatted contents note | Contents: Introduction: Introduction -- Constitutional foundations of the powers of the Courts -- Authorities and functions: The Central government -- Local and devolved government -- Public corporations, privatization and regulation -- European influences: Incorporation of European law -- Powers and jurisdiction: Legal nature of powers -- Jurisdiction over fact and law -- Problems of invalidity -- Discretionary power: Retention of discretion -- Abuse of discretion -- Natural justice: Natural justice and legal justice -- The Rule against bias -- The Right to a fair hearing -- Remedies and liability: Ordinary remedies -- Prerogative remedies -- Boundaries of judicial review -- Procedure of judicial review -- Restriction of remedies -- Liability of public authorities -- Crown proceedings -- Administrative legislation and adjudication: Delegated legislation -- Statutory tribunals -- Statutory inquiries -- Appendix 1: Lord Diplock's formal statement on judicial review -- Appendix 2: issues that arose or came to light while this book was in the press. |
| 650 ## - SUBJECT ADDED ENTRY--TOPICAL TERM | |
| Topical term or geographic name entry element | Constitutional law |
| 9 (RLIN) | 1518 |
| 700 ## - ADDED ENTRY--PERSONAL NAME | |
| Personal name | Forsyth, Christopher |
| 9 (RLIN) | 1519 |
| 942 ## - ADDED ENTRY ELEMENTS (KOHA) | |
| Source of classification or shelving scheme | Library of Congress Classification |
| Koha item type | Books |
| Withdrawn status | Lost status | Source of classification or shelving scheme | Damaged status | Not for loan | Home library | Current library | Shelving location | Date acquired | Total Checkouts | Full call number | Barcode | Date last seen | Copy number | Price effective from | Koha item type |
|---|---|---|---|---|---|---|---|---|---|---|---|---|---|---|---|
| Library of Congress Classification | WISCONSIN INTERNATIONAL UNIVERSITY COLLEGE, GHANA KUMASI LIBRARY | WISCONSIN INTERNATIONAL UNIVERSITY COLLEGE, GHANA KUMASI LIBRARY | Law Library | 24/05/2023 | KD4879.W3(11e) | KSL/1751/014/23 | 30/05/2023 | 1 | 30/05/2023 | Books | |||||
| Library of Congress Classification | WISCONSIN INTERNATIONAL UNIVERSITY COLLEGE, GHANA KUMASI LIBRARY | WISCONSIN INTERNATIONAL UNIVERSITY COLLEGE, GHANA KUMASI LIBRARY | Law Library | 24/05/2023 | KD4879.W31(11e) | KSL/1752/015/23 | 30/05/2023 | 2 | 30/05/2023 | Books | |||||
| Library of Congress Classification | WISCONSIN INTERNATIONAL UNIVERSITY COLLEGE, GHANA KUMASI LIBRARY | WISCONSIN INTERNATIONAL UNIVERSITY COLLEGE, GHANA KUMASI LIBRARY | Law Library | 24/05/2023 | KD4879.W32(11e) | KSL/1753/016/23 | 30/05/2023 | 3 | 30/05/2023 | Books |
